000 00792nam a2200205Ii 4500
003 JO-AjNU
008 230605s9999||||xx |||||||||||||| ||und||
017 _a1999/7/1213
040 _aJO-AjNU
_bara
_erda
_cJO-AjNU
041 _aara
050 1 4 _aBP940.32.S53.A36 2003
100 3 _aالشرع، مجيد جاسم,
_eauthor
_930780
245 0 0 _aالمراجعة عن المسؤولية الإجتماعية في المصارف الإسلامية
264 3 1 _aعمان: البنك الاسلامي الاردني للتمويل والاستثمار، 2003
300 _a283ص
_bالفهارس العامة ص 271-283
336 _atext
_btxt
_2rdacontent
337 _aunmediated
_bn
_2rdamedia
338 _avolume
_bnc
_2rdacarrier
650 4 _aالبنوك الاسلامية
_930781
999 _aA12241
_c15809
_d15809